000
00226nam a22000857a 4500
008
160824b xxu||||| |||| 00| 0 eng d
100
_9
244
_a
Joshi Madhu B
245
_a
Neha, My Sister
260
_a
New Delhi
_b
National Book Trust
_c
2009
999
_c
2900
_d
2900